000 00512nam a2200181Ia 4500
999 _c3276
_d3276
003 GBCCL
005 20241126110451.0
008 171123b xxu||||| |||| 00| 0 eng d
040 _cgbc
082 _a254.5
_bPHI
100 _aPhilips, Marvin
_96732
245 _aThe joy factor of church growth /
_cMarvin Philips
260 _bHOWARD BOOK HOUSE:
_aWest Monroe,
_c1988.
300 _a141p. ;
_c20 cm.
650 _aParish Administration.
_96737
650 _aChurch growth.
_9291
942 _2ddc
_cBK
_k254.5
_mPHI
_03